US States and Possessions with Under Two Percent of the Total Population - Statistics

General Stats
  • This quiz has been taken 50 times
  • The average score is 31 of 43
Answer Stats
Population Percent State or Possession % Correct
757,952 0.24 North Dakota
93%
865,454 0.27 South Dakota
93%
681,170 0.21 Washington, D.C.
93%
1,683,140 0.52 Idaho
89%
1,907,116 0.59 Nebraska
89%
3,923,561 1.21 Oklahoma
89%
3,411,307 1.06 Puerto Rico
89%
1,056,426 0.33 Rhode Island
89%
624,594 0.19 Vermont
89%
585,501 0.18 Wyoming
89%
1,331,479 0.41 Maine
87%
1,042,520 0.32 Montana
84%
4,863,300 1.51 Alabama
82%
2,907,289 0.90 Kansas
82%
2,988,726 0.93 Mississippi
82%
1,334,479 0.41 New Hampshire
82%
4,093,465 1.27 Oregon
82%
741,894 0.23 Alaska
80%
2,988,248 0.93 Arkansas
80%
3,576,452 1.11 Connecticut
80%
952,065 0.30 Delaware
80%
161,785 0.06 Guam
80%
4,961,119 1.54 South Carolina
80%
1,428,557 0.44 Hawaii
78%
3,134,693 0.97 Iowa
78%
3,051,217 0.94 Utah
78%
4,436,974 1.37 Kentucky
73%
4,681,666 1.45 Louisiana
73%
103,574 0.04 U.S. Virgin Islands
73%
5,540,545 1.72 Colorado
71%
2,940,058 0.91 Nevada
71%
5,778,708 1.79 Wisconsin
71%
5,519,952 1.71 Minnesota
69%
6,093,000 1.89 Missouri
69%
2,081,015 0.64 New Mexico
69%
1,831,102 0.57 West Virginia
69%
54,343 0.01 American Samoa
64%
6,016,447 1.86 Maryland
60%
52,344 0.00 Northern Mariana Islands
49%
75 0.00 Midway Atoll
22%
188 0.00 Wake Island
16%
40 0.00 Johnston Atoll
7%
20 0.00 Palmyra Atoll
4%
No matching quizzes found
Score Distribution
Percent of People with Each Score
Percentile by Number Answered
Your Score History
You have not taken this quiz